| 000 -LEADER |
| fixed length control field |
02232cam a22005177a 4500 |
| 001 - CONTROL NUMBER |
| control field |
16311305 |
| 003 - CONTROL NUMBER IDENTIFIER |
| control field |
Nust |
| 005 - DATE AND TIME OF LATEST TRANSACTION |
| control field |
20170309121803.0 |
| 008 - FIXED-LENGTH DATA ELEMENTS--GENERAL INFORMATION |
| fixed length control field |
100630s2010 dcuab bt f000 0 eng |
| 010 ## - LIBRARY OF CONGRESS CONTROL NUMBER |
| LC control number |
2010931671 |
| 020 ## - INTERNATIONAL STANDARD BOOK NUMBER |
| International Standard Book Number |
9780309154888 (pbk.) |
| 020 ## - INTERNATIONAL STANDARD BOOK NUMBER |
| International Standard Book Number |
030915488X (pbk.) |
| 035 ## - SYSTEM CONTROL NUMBER |
| System control number |
(OCoLC)ocn672360130 |
| 040 ## - CATALOGING SOURCE |
| Original cataloging agency |
CBT |
| Transcribing agency |
CBT |
| Modifying agency |
CBT |
| -- |
JCR |
| -- |
OHDOT |
| -- |
IQU |
| -- |
DLC |
| 042 ## - AUTHENTICATION CODE |
| Authentication code |
lccopycat |
| 043 ## - GEOGRAPHIC AREA CODE |
| Geographic area code |
n-us--- |
| 050 00 - LIBRARY OF CONGRESS CALL NUMBER |
| Classification number |
TL725.3.A2 |
| Item number |
P53 2010 |
| 050 14 - LIBRARY OF CONGRESS CALL NUMBER |
| Classification number |
TA1001.5 |
| Item number |
.A677 no. 35 |
| 082 00 - DEWEY DECIMAL CLASSIFICATION NUMBER |
| Classification number |
387.7362 TRB |
| Edition number |
23 |
| 245 00 - TITLE STATEMENT |
| Title |
Planning for offsite airport terminals / |
| Statement of responsibility, etc. |
MarketSense Consulting LLC ; in association with DMR Consulting ... [et al.]. |
| 246 30 - VARYING FORM OF TITLE |
| Title proper/short title |
Offsite airport terminals |
| 260 ## - PUBLICATION, DISTRIBUTION, ETC. |
| Place of publication, distribution, etc. |
Washington, D.C. : |
| Name of publisher, distributor, etc. |
Transportation Research Board, |
| Date of publication, distribution, etc. |
2010. |
| 300 ## - PHYSICAL DESCRIPTION |
| Extent |
86 p. : |
| Other physical details |
ill., maps ; |
| Dimensions |
28 cm. |
| 490 1# - SERIES STATEMENT |
| Series statement |
ACRP report, |
| International Standard Serial Number |
1935-9802 ; |
| Volume/sequential designation |
35 |
| 500 ## - GENERAL NOTE |
| General note |
At head of title: Airport Cooperative Research Program. |
| 500 ## - GENERAL NOTE |
| General note |
"Research sponsored by the Federal Aviation Administration." |
| 504 ## - BIBLIOGRAPHY, ETC. NOTE |
| Bibliography, etc. note |
Includes bibliographical references (p. 75). |
| 530 ## - ADDITIONAL PHYSICAL FORM AVAILABLE NOTE |
| Additional physical form available note |
Available online. |
| 536 ## - FUNDING INFORMATION NOTE |
| Text of note |
Performed in association with DMR Consulting, Jacobs Consultancy, Matthew A. Coogan and Resource Systems Group, Inc. under |
| Project number |
ACRP project no. 10-02. |
| 650 #0 - SUBJECT ADDED ENTRY--TOPICAL TERM |
| Topical term or geographic name entry element |
Access to airports |
| Geographic subdivision |
United States |
| General subdivision |
Planning. |
| 650 #0 - SUBJECT ADDED ENTRY--TOPICAL TERM |
| Topical term or geographic name entry element |
Airport terminals |
| Geographic subdivision |
United States |
| General subdivision |
Planning. |
| 650 #0 - SUBJECT ADDED ENTRY--TOPICAL TERM |
| Topical term or geographic name entry element |
Access to airports |
| Form subdivision |
Case studies. |
| 650 #0 - SUBJECT ADDED ENTRY--TOPICAL TERM |
| Topical term or geographic name entry element |
Airport terminals |
| General subdivision |
Management |
| Form subdivision |
Case studies. |
| 700 1# - ADDED ENTRY--PERSONAL NAME |
| Personal name |
Coogan, Matthew A. |
| 710 2# - ADDED ENTRY--CORPORATE NAME |
| Corporate name or jurisdiction name as entry element |
MarketSense. |
| 710 2# - ADDED ENTRY--CORPORATE NAME |
| Corporate name or jurisdiction name as entry element |
DMR Consulting. |
| 710 2# - ADDED ENTRY--CORPORATE NAME |
| Corporate name or jurisdiction name as entry element |
National Research Council (U.S.). |
| Subordinate unit |
Transportation Research Board. |
| 710 2# - ADDED ENTRY--CORPORATE NAME |
| Corporate name or jurisdiction name as entry element |
Airport Cooperative Research Program. |
| 710 1# - ADDED ENTRY--CORPORATE NAME |
| Corporate name or jurisdiction name as entry element |
United States. |
| Subordinate unit |
Federal Aviation Administration. |
| 710 2# - ADDED ENTRY--CORPORATE NAME |
| Corporate name or jurisdiction name as entry element |
Jacobs Consultancy (Firm) |
| 710 2# - ADDED ENTRY--CORPORATE NAME |
| Corporate name or jurisdiction name as entry element |
Resource Systems Group, Inc. |
| 830 #0 - SERIES ADDED ENTRY--UNIFORM TITLE |
| Uniform title |
ACRP report ; |
| Volume/sequential designation |
35. |
| 856 41 - ELECTRONIC LOCATION AND ACCESS |
| Uniform Resource Identifier |
<a href="http://onlinepubs.trb.org/onlinepubs/acrp/acrp_rpt_035.pdf">http://onlinepubs.trb.org/onlinepubs/acrp/acrp_rpt_035.pdf</a> |
| 906 ## - LOCAL DATA ELEMENT F, LDF (RLIN) |
| a |
7 |
| b |
cbc |
| c |
copycat |
| d |
2 |
| e |
ncip |
| f |
20 |
| g |
y-gencatlg |
| 942 ## - ADDED ENTRY ELEMENTS (KOHA) |
| Source of classification or shelving scheme |
|
| Koha item type |
Book |